01134na a2200325 450000100060000000300080000600500170001400800410003102000180007204000250009004100080011508200240012309000230014710000240017024501010019424600340029525000110032926000410034030000190038150000910040050400150049165000180050665000510052465000460057570000200062174000340064194200130067595201050068899900150079318031MIRAKIL20181213154840.0161110b tu 000 0  a9789757004509 aMilasbturcTR-AnCHP atur a303.4833bF65d 2009 a303.4833 F65d 2009 aFriedman, Thomas L. aDünya düzdürb21. yüzyılın kısa tarihicThomas L. Friedman ; çeviren Levent Cinemre a21. yüzyılın kısa tarihi a5. bs. aİstanbulbBoyner Yayınlarıc2009 a477 s.c23 sm. aÖzgün yapıt adı: The world is flat : a brief history of the twenty-first century aDizin var. aBilgi toplumu aTeknoloji aktarımıxYeniliklerin yayılması aSosyo ekonomik yönlerxKüreselleşme aCinemre, Levent a21. yüzyılın kısa tarihi 2ddccBKS a0001b0001d2016-11-09e2l0o303.4833 F65d 2009p009305r2016-11-09 00:00:00v0.00w2016-11-09yBKS c1951d1951